000
00206 a2200109 4500
020
_a
9788434861848
041
_a
spa
100
_a
Ulf Nilson
245
_a
El aprendis del Mago
942
_c
BK
952
_7
1
999
_c
24183
_d
24183